000168037 001__ 168037
000168037 005__ 20260123152959.0
000168037 0248_ $$2sideral$$a147575
000168037 037__ $$aART-2016-147575
000168037 041__ $$aeng
000168037 100__ $$0(orcid)0000-0003-1114-4045$$aBallesteros-Betancourt, José R.
000168037 245__ $$aProposal of a new sign: The isolated haematoma on the extensor pollicis longus compartment in non-displaced fractures of the distal radius.
000168037 260__ $$c2016
000168037 5060_ $$aAccess copy available to the general public$$fUnrestricted
000168037 5203_ $$aDiagnosis of distal radius fractures may be difficult, especially in non-displaced fractures and particularly in cases with no clear traumatic history and no evident semiology. Advanced medical imaging studies — particularly computerized axial tomography —, could be useful together with clinical examination. The authors have observed that the presence of a specific haematoma in the third radial compartment of the extensor pollicis longus tendon indicates an underlying bone injury, generally affecting Lister’s tubercle. This brief paper presents the clinical-morphological characteristics of this described sign. The authors believe that the clinical observation of an haematoma in the sheath of the extensor pollicis longus tendon may be very relevant to confirm the presence of a slightly displaced or a non-displaced fracture of the distal radius.
000168037 540__ $$9info:eu-repo/semantics/openAccess$$aby-nc$$uhttps://creativecommons.org/licenses/by-nc/4.0/deed.es
000168037 655_4 $$ainfo:eu-repo/semantics/article$$vinfo:eu-repo/semantics/publishedVersion
000168037 700__ $$aRíos, Moisés
000168037 700__ $$aGarcía, Raquel
000168037 700__ $$aFerreres, Ángel
000168037 700__ $$aLlusà, Manel
000168037 773__ $$g3, 1 (2016), 17-21$$pInt. j. adv. jt. reconstr.$$tInternational journal of advanced joint reconstruction$$x2385-7900
000168037 8564_ $$s8187646$$uhttps://zaguan.unizar.es/record/168037/files/texto_completo.pdf$$yVersión publicada
000168037 8564_ $$s2378202$$uhttps://zaguan.unizar.es/record/168037/files/texto_completo.jpg?subformat=icon$$xicon$$yVersión publicada
000168037 909CO $$ooai:zaguan.unizar.es:168037$$particulos$$pdriver
000168037 951__ $$a2026-01-23-14:33:51
000168037 980__ $$aARTICLE